[Event "Online Olym Div2 E"]
[Site "Chess.com INT"]
[Date "2021.09.04"]
[Round "8.5"]
[White "Brown, Raehanna"]
[Black "Aguilar, Irasema"]
[Result "1-0"]
[WhiteElo "1594"]
[BlackElo "1327"]
[PlyCount "63"]
[EventDate "2021.09.02"]
[EventType "team (rapid)"]
[EventRounds "9"]
[EventCountry "USA"]
[SourceTitle "CBM 204 Extra"]
[Source "ChessBase"]
[SourceDate "2021.11.30"]
[SourceVersion "1"]
[SourceVersionDate "2021.11.30"]
[SourceQuality "1"]
[WhiteTeam "Jamaica"]
[BlackTeam "Bolivia"]
[WhiteTeamCountry "JAM"]
[BlackTeamCountry "BOL"]

1. c4 e5 2. Nc3 Nf6 3. g3 d6 4. Bg2 c6 5. d3 Be6 6. Nf3 h6 7. e4 Be7 8. 0-0 Nbd7 9. a3 0-0 10. h3 Nh7 11. Ne1 f5 12. f4 fxe4 13. Nxe4 exf4 14. gxf4 Ndf6 15. Qe2 Nxe4 16. dxe4 Bf7 17. Kh2 Qd7 18. Nf3 Rae8 19. Nd4 Bf6 20. Qd3 Bxd4 21. Qxd4 a6 22. c5 d5 23. b4 Qe6 24. Bb2 Qf6 25. e5 Qg6 26. f5 Qg5 27. h4 Qe7 28. f6 gxf6 29. exf6 Qc7+ 30. Kh1 Bg6 31. f7+ Rxf7 32. Qh8# 1-0